[Event "Ct. Catalunya eq DH"]
[Site "?"]
[Date "2013.01.19"]
[Round "1.10"]
[White "Yepes Martinez, E."]
[Black "Meza Martinez, A."]
[Result "1/2-1/2"]
[WhiteElo "2313"]
[BlackElo "2230"]
[PlyCount "132"]
[EventDate "2013.??.??"]
[EventType "tourn"]
[EventRounds "11"]

1. e4 e6 2. d4 d5 3. Nc3 Bb4 4. exd5 exd5 5. Bd3 Nc6 6. a3 Bxc3+ 7. bxc3 Nge7
8. Qf3 Be6 9. Rb1 Na5 10. Ne2 Qd7 11. Nf4 Bf5 12. O-O O-O 13. Bxf5 Nxf5 14.
Nxd5 Nd6 15. Bh6 f6 16. Bf4 Nac4 17. Bxd6 Nxd6 18. c4 b6 19. c5 Nf7 20. c4 c6
21. Nb4 bxc5 22. dxc5 Ne5 23. Qe4 Rae8 24. Rfd1 Qf7 25. Nxc6 Nxc4 26. Qd3 Rc8
27. Ne7+ Qxe7 28. Qxc4+ Qf7 29. Qb5 Rc7 30. Rd6 Rfc8 31. Rbd1 h6 32. Rd8+ Rxd8
33. Rxd8+ Kh7 34. Qd3+ g6 35. Qd6 Qe7 36. h3 Kg7 37. Qd5 Qe1+ 38. Kh2 Qe5+ 39.
Qxe5 fxe5 40. c6 Rxc6 41. Rd7+ Kf6 42. Rxa7 e4 43. Ra5 g5 44. g4 Rc2 45. Kg3
Rc3+ 46. Kg2 Rc2 47. Ra6+ Ke5 48. Ra8 Ra2 49. a4 Kf6 50. Kf1 Ke5 51. a5 Kd4 52.
Ra6 e3 53. fxe3+ Kxe3 54. Rxh6 Rxa5 55. Re6+ Kf3 56. Rf6+ Kg3 57. Rf5 Ra1+ 58.
Ke2 Kxh3 59. Rxg5 Kg3 60. Rg8 Ra4 61. g5 Kg4 62. g6 Kg5 63. g7 Ra7 64. Ke3 Kg6
65. Ke4 Rxg7 66. Rxg7+ Kxg7 1/2-1/2

[Event "Ct. Catalunya eq DH"]
[Site "?"]
[Date "2013.01.26"]
[Round "2.1"]
[White "Beltran Rueda, S."]
[Black "Fluvia Poyatos, Joan"]
[Result "1-0"]
[WhiteElo "2479"]
[BlackElo "2541"]
[PlyCount "109"]
[EventDate "2013.??.??"]
[EventType "tourn"]
[EventRounds "11"]

1. Nf3 Nf6 2. c4 e6 3. g3 b6 4. Bg2 Bb7 5. O-O Be7 6. d4 O-O 7. d5 exd5 8. Nh4
c6 9. cxd5 Nxd5 10. Nf5 Nc7 11. Nc3 d5 12. e4 Bf6 13. exd5 Nxd5 14. Nxd5 cxd5
15. Ne3 Nc6 16. Nxd5 Be5 17. Re1 Qd6 18. Bg5 f6 19. Bf4 Rad8 20. Qa4 Kh8 21.
Rad1 Qb8 22. h4 Ba8 23. h5 b5 24. Qa3 b4 25. Qe3 Rfe8 26. h6 Bxf4 27. hxg7+
Kxg7 28. Qxf4 Qxf4 29. Nxf4 Rxd1 30. Rxd1 Ne5 31. Bxa8 Rxa8 32. Rd6 Nc4 33.
Rd7+ Kh6 34. b3 Ne5 35. Rd6 Rc8 36. Rxf6+ Kg5 37. Ra6 Kg4 38. Kg2 Nf3 39. Rxa7
Ne1+ 40. Kf1 Rc1 41. Ke2 h6 42. Rg7+ Kf5 43. Nd5 Ng2 44. Nxb4 h5 45. Nd3 Rg1
46. Rh7 Kg6 47. Rh8 Kg5 48. a4 Rb1 49. Rb8 Kg4 50. a5 Kh3 51. b4 Ra1 52. Rh8
Kh2 53. Rxh5+ Kg1 54. Rc5 Ra2+ 55. Kf3 1-0

[Event "Ct. Catalunya eq DH"]
[Site "?"]
[Date "2013.01.26"]
[Round "2.1"]
[White "Movsziszian, K."]
[Black "Jerez Perez, A."]
[Result "1-0"]
[WhiteElo "2517"]
[BlackElo "2480"]
[PlyCount "173"]
[EventDate "2013.??.??"]
[EventType "tourn"]
[EventRounds "11"]

1. g3 d5 2. Bg2 Nf6 3. Nf3 c6 4. d3 Bg4 5. O-O Nbd7 6. h3 Bh5 7. Qe1 e6 8. e4
dxe4 9. dxe4 Be7 10. b3 O-O 11. Bb2 Bxf3 12. Bxf3 e5 13. Bg2 Re8 14. Nd2 b5 15.
a4 Qc7 16. Qe2 a6 17. Nf3 Bc5 18. Rfd1 Nf8 19. axb5 cxb5 20. Kh2 Ng6 21. Ne1 h5
22. Nd3 h4 23. Nxc5 Qxc5 24. Ba3 Qc3 25. Rac1 Red8 26. Qf3 Qc7 27. c4 bxc4 28.
Rxc4 Qa5 29. Bd6 Rd7 30. Bb4 Qd8 31. Rxd7 Qxd7 32. Bf1 Rb8 33. Ba5 Ne8 34. Rc5
hxg3+ 35. fxg3 Nd6 36. Bc7 Rb7 37. Bxd6 Qxd6 38. Rc8+ Nf8 39. Bc4 a5 40. Ra8 g6
41. h4 Kg7 42. Ra6 Qd2+ 43. Kh3 Nh7 44. Qf1 Qc3 45. Qf2 Qc1 46. Qf3 Qd2 47. g4
Qb4 48. g5 Qe1 49. Rc6 Rd7 50. Rd6 Rb7 51. Bd5 Re7 52. Rc6 Ra7 53. Rc2 Qb4 54.
Rf2 Qe7 55. Qc3 Qd6 56. Qc8 Qb6 57. Kg2 Re7 58. Qc3 Nf8 59. Ra2 Qd6 60. Rxa5
Ne6 61. Ra8 Nf4+ 62. Kf3 Rc7 63. Bc4 Qd1+ 64. Kf2 Re7 65. Bf1 Qg4 66. Qg3 Qd1
67. Qc3 Qg4 68. Qc8 Qxh4+ 69. Kf3 Qh1+ 70. Ke3 Qg1+ 71. Kd2 Qd4+ 72. Kc2 Qxe4+
73. Kc1 Qe1+ 74. Kb2 Qf2+ 75. Be2 Qxe2+ 76. Ka3 Ra7+ 77. Rxa7 Qd1 78. Qc3 Qd6+
79. b4 Nd5 80. Qc5 Qe6 81. Ka4 e4 82. Ra5 Nb6+ 83. Kb5 Nd7 84. Qd4+ Kh7 85. Ra8
Qf5+ 86. Ka4 Ne5 87. Re8 1-0

[Event "Ct. Catalunya eq DH"]
[Site "?"]
[Date "2013.01.26"]
[Round "2.1"]
[White "Narciso Dublan, M."]
[Black "Muñoz Pantoja, M."]
[Result "1/2-1/2"]
[WhiteElo "2569"]
[BlackElo "2517"]
[PlyCount "133"]
[EventDate "2013.??.??"]
[EventType "tourn"]
[EventRounds "11"]

1. c4 c5 2. Nf3 Nf6 3. d4 g6 4. Nc3 Bg7 5. e4 O-O 6. Be2 d6 7. O-O Bg4 8. d5
Bxf3 9. Bxf3 Nbd7 10. Bg5 Qb6 11. Qb3 Qxb3 12. axb3 a6 13. Be2 Rab8 14. Rfe1
Rfd8 15. f4 Kf8 16. Bh4 Ne8 17. Bg4 b5 18. e5 dxe5 19. Bxd7 Rxd7 20. fxe5 bxc4
21. bxc4 Rb4 22. Rxa6 Rxc4 23. Bf2 Bh6 24. d6 exd6 25. Nd5 Rd8 26. b3 Rc2 27.
Bh4 g5 28. Bg3 Bg7 29. exd6 Rd2 30. Nc7 Bd4+ 31. Kh1 Nf6 32. Nb5 Nh5 33. Nxd4
Nxg3+ 34. hxg3 Rxd4 35. Re5 g4 36. Ra1 R8xd6 37. Rxc5 Rd3 38. Rh5 h6 39. Kh2
Rxb3 40. Rf1 Kg7 41. Rhf5 f6 42. R5f4 h5 43. Ra4 Rd2 44. Ra7+ Kg6 45. Ra8 Rf3
46. Rg1 h4 47. Rg8+ Kf5 48. Ra1 Rxg3 49. Rf1+ Ke6 50. Kh1 h3 51. gxh3 Rxh3+ 52.
Kg1 Rg3+ 53. Kh1 Rf3 54. Rxf3 gxf3 55. Re8+ Kf5 56. Kg1 Kf4 57. Kf1 f5 58. Ra8
Rb2 59. Rc8 Rb4 60. Kf2 Re4 61. Ra8 Re2+ 62. Kf1 Rh2 63. Rb8 f2 64. Rb4+ Kg3
65. Rb3+ Kg4 66. Rb4+ f4 67. Rb3 1/2-1/2

[Event "Ct. Catalunya eq DH"]
[Site "?"]
[Date "2013.01.26"]
[Round "2.2"]
[White "Baron Isanta, JM."]
[Black "Alonso Moyano, J."]
[Result "0-1"]
[WhiteElo "2414"]
[BlackElo "2480"]
[PlyCount "68"]
[EventDate "2013.??.??"]
[EventType "tourn"]
[EventRounds "11"]

1. Nf3 f5 2. b3 Nf6 3. Bb2 e6 4. c4 b6 5. g3 Bb7 6. Bg2 c5 7. O-O Be7 8. d4
cxd4 9. Nxd4 Bxg2 10. Kxg2 O-O 11. Nc3 Qc8 12. e3 Nc6 13. Kg1 a6 14. Rc1 Qb7
15. Qf3 Rab8 16. Nxc6 dxc6 17. Rfd1 c5 18. Qxb7 Rxb7 19. Ne2 g5 20. Rc2 Rd8 21.
Rxd8+ Bxd8 22. Rd2 Rd7 23. Rxd7 Nxd7 24. h3 b5 25. cxb5 axb5 26. Nc3 Bf6 27. a4
c4 28. axb5 cxb3 29. Na4 Nb6 30. Nxb6 Bxb2 31. Nc4 Bc3 32. b6 b2 33. Nxb2 Bxb2
34. f4 Ba3 0-1

[Event "Ct. Catalunya eq DH"]
[Site "?"]
[Date "2013.01.26"]
[Round "2.2"]
[White "Lorenzo de la Riva, L."]
[Black "Fernandez Aguado, E."]
[Result "0-1"]
[WhiteElo "2531"]
[BlackElo "2419"]
[PlyCount "80"]
[EventDate "2013.??.??"]
[EventType "tourn"]
[EventRounds "11"]

1. d4 Nf6 2. Nf3 e6 3. g3 b6 4. Bg2 Bb7 5. O-O Be7 6. c4 d5 7. cxd5 exd5 8. Nc3
O-O 9. Ne5 c6 10. Rb1 Na6 11. a3 c5 12. dxc5 bxc5 13. Qa4 Qc8 14. Bg5 Rd8 15.
Rfd1 Qe6 16. Nd3 Nc7 17. Bf4 Qb6 18. Qc2 Ne6 19. Na4 Qb5 20. Nc3 Qb6 21. Na4
Qc6 22. Be3 Rac8 23. Nf4 Nxf4 24. Bxf4 Qe6 25. Nc3 Ba6 26. e4 d4 27. Nd5 Nxd5
28. exd5 Qb6 29. Re1 Bf8 30. Bh3 Ra8 31. Re5 c4 32. Rd1 Bc5 33. Bg2 d3 34. Qd2
Bd4 35. Ree1 Qxb2 36. Rc1 Qxa3 37. Bc7 c3 38. Qf4 d2 39. d6 Re8 40. Red1 Qxc1
0-1

[Event "Ct. Catalunya eq DH"]
[Site "?"]
[Date "2013.01.26"]
[Round "2.2"]
[White "Magem Badals, J."]
[Black "Cuadras Avellana, J."]
[Result "1-0"]
[WhiteElo "2571"]
[BlackElo "2388"]
[PlyCount "69"]
[EventDate "2013.??.??"]
[EventType "tourn"]
[EventRounds "11"]

1. e4 c6 2. Nc3 d5 3. Nf3 a6 4. d4 Bg4 5. h3 Bh5 6. exd5 cxd5 7. g4 Bg6 8. Ne5
Nc6 9. h4 Nxe5 10. dxe5 h5 11. Qxd5 Qxd5 12. Nxd5 O-O-O 13. Bg2 e6 14. Nf4 hxg4
15. Nxg6 fxg6 16. Ke2 Be7 17. Be4 Rf8 18. Be3 Rxh4 19. Rxh4 Bxh4 20. Rh1 g5 21.
Rd1 Nh6 22. Rd3 Nf5 23. Ba7 Ne7 24. Bxb7+ Kxb7 25. Rd7+ Kc6 26. Rxe7 Kd5 27.
Rxg7 Rf5 28. Be3 Rxe5 29. Ra7 Ke4 30. Rxa6 g3 31. fxg3 Bxg3 32. Rc6 Ra5 33.
Rxe6+ Kf5 34. Rh6 Rxa2 35. Rb6 1-0

[Event "Ct. Catalunya eq DH"]
[Site "?"]
[Date "2013.01.26"]
[Round "2.2"]
[White "Norwood, D."]
[Black "Fluvia Poyatos, Jordi"]
[Result "1-0"]
[WhiteElo "2511"]
[BlackElo "2500"]
[PlyCount "117"]
[EventDate "2013.??.??"]
[EventType "tourn"]
[EventRounds "11"]

1. c4 g6 2. g3 Bg7 3. Bg2 e5 4. Nc3 Ne7 5. Nf3 Nbc6 6. O-O O-O 7. Rb1 d6 8. b4
Bf5 9. d3 Qd7 10. b5 Nd4 11. e3 Nxf3+ 12. Bxf3 Rab8 13. Rb3 c5 14. Ra3 Ra8 15.
Re1 Be6 16. Bb2 d5 17. cxd5 Nxd5 18. Ne4 Qxb5 19. Qa1 Nb4 20. Rc1 Nxd3 21. Rxd3
Qxd3 22. Bxe5 f6 23. Nxc5 Qf5 24. Bf4 Bf7 25. g4 Qc8 26. Nxb7 Qe6 27. Nc5 Qxa2
28. Qxa2 Bxa2 29. Bxa8 Rxa8 30. Na6 Rd8 31. h3 Bf8 32. e4 Rd4 33. Rc8 Kg7 34.
Rc7+ Kg8 35. Rc8 Kg7 36. Rc7+ Kg8 37. f3 Bc4 38. Nc5 Bxc5 39. Rxc5 Be6 40. Ra5
Rd7 41. Be3 Bc4 42. Bxa7 f5 43. gxf5 gxf5 44. exf5 Rd5 45. Ra4 Bd3 46. f6 Kf7
47. Bd4 Bb5 48. Rb4 Bd7 49. h4 Rf5 50. Kg2 Bc6 51. Rc4 Bxf3+ 52. Kg3 Be4 53.
Bb2 Rb5 54. Rc7+ Ke6 55. Re7+ Kd6 56. Ba3+ Kd5 57. Rxe4 Rb3+ 58. Kf4 Rxa3 59.
f7 1-0

[Event "Ct. Catalunya eq DH"]
[Site "?"]
[Date "2013.01.26"]
[Round "2.2"]
[White "Perez Mitjans, O."]
[Black "Moskalenko, V."]
[Result "0-1"]
[WhiteElo "2553"]
[BlackElo "2568"]
[PlyCount "97"]
[EventDate "2013.??.??"]
[EventType "tourn"]
[EventRounds "11"]

1. e4 d6 2. d4 Nf6 3. Nc3 g6 4. Be3 c6 5. Nf3 Bg7 6. h3 O-O 7. Qd2 Nbd7 8. Bh6
e5 9. O-O-O Qe7 10. Bd3 Re8 11. g4 b5 12. dxe5 Nxe5 13. Nxe5 dxe5 14. f3 Be6
15. h4 Bxh6 16. Qxh6 Nd7 17. h5 Nc5 18. g5 b4 19. Ne2 Rad8 20. Kb1 Rd7 21. Nc1
a5 22. Rd2 Qf8 23. hxg6 fxg6 24. Qh2 Ree7 25. Rf2 a4 26. f4 exf4 27. Rxf4 Rf7
28. Rhf1 Rxf4 29. Rxf4 Qb8 30. e5 Nxd3 31. Nxd3 b3 32. a3 Bf5 33. Rxf5 gxf5 34.
Nc1 bxc2+ 35. Kxc2 Re7 36. g6 Qxe5 37. gxh7+ Kh8 38. Qh6 Qg7 39. Qh4 Rd7 40.
Qxa4 Qg2+ 41. Kb1 Qe4+ 42. Qxe4 fxe4 43. Kc2 Kxh7 44. a4 Kg6 45. a5 Kf5 46. Ne2
e3 47. Kc3 Ke4 48. a6 Ra7 49. Ng1 0-1

[Event "Ct. Catalunya eq DH"]
[Site "?"]
[Date "2013.01.26"]
[Round "2.2"]
[White "Torrecillas Martinez, A."]
[Black "Gonzalez Perez, A."]
[Result "0-1"]
[WhiteElo "2431"]
[BlackElo "2491"]
[PlyCount "72"]
[EventDate "2013.??.??"]
[EventType "tourn"]
[EventRounds "11"]

1. e4 e5 2. Nf3 Nc6 3. Bb5 Bc5 4. c3 f5 5. Bxc6 dxc6 6. Nxe5 Bd6 7. Qh5+ g6 8.
Nxg6 Nf6 9. Qh4 Rg8 10. e5 Rxg6 11. exf6 Be6 12. f7+ Bxf7 13. Qxd8+ Rxd8 14.
O-O Kd7 15. d4 h5 16. Nd2 Re8 17. b3 Re2 18. c4 b5 19. g3 f4 20. c5 Bd5 21.
cxd6 fxg3 22. hxg3 h4 23. g4 Rxg4+ 24. Kh2 Bg2 25. dxc7 Bxf1 26. Nxf1 Rxf2+ 27.
Kh3 Rg1 28. Ne3 Rf3+ 29. Kh2 Re1 30. Ng4 Rc3 31. Ne5+ Kc8 32. Bd2 Re2+ 33. Kh1
Rxd2 34. a4 b4 35. Rf1 Kxc7 36. Rf7+ Kd6 0-1

[Event "Ct. Catalunya eq DH"]
[Site "?"]
[Date "2013.01.26"]
[Round "2.3"]
[White "Ayas Fernandez, A."]
[Black "Rodriguez Cespedes, A."]
[Result "0-1"]
[WhiteElo "2356"]
[BlackElo "2472"]
[PlyCount "88"]
[EventDate "2013.??.??"]
[EventType "tourn"]
[EventRounds "11"]

1. c4 e5 2. Nc3 Nf6 3. Nf3 Nc6 4. g3 Bb4 5. Bg2 O-O 6. O-O Bxc3 7. bxc3 Re8 8.
d3 e4 9. Ng5 exd3 10. exd3 d6 11. Rb1 Ne5 12. Re1 h6 13. Ne4 Nxe4 14. Rxe4 Bf5
15. Re3 Qd7 16. Rxb7 Nxd3 17. Rxe8+ Rxe8 18. Be3 Ne5 19. c5 Bh3 20. Bh1 Qf5 21.
cxd6 cxd6 22. Rxa7 Ng4 23. Ra8 Rxa8 24. Bxa8 Nxe3 25. fxe3 Qa5 26. Bg2 Bxg2 27.
Kxg2 Qxa2+ 28. Kg1 d5 29. Qd4 Qe2 30. Qe5 Qf3 31. Qb8+ Kh7 32. Qf4 Qd1+ 33. Kg2
Qc2+ 34. Kh3 f6 35. g4 Qxc3 36. Qf5+ Kh8 37. Qxd5 Qxe3+ 38. Kg2 Qe2+ 39. Kg3
Qe5+ 40. Qxe5 fxe5 41. Kf3 Kh7 42. Ke4 Kg6 43. h4 Kf6 44. Kd5 g6 0-1

[Event "Ct. Catalunya eq DH"]
[Site "?"]
[Date "2013.01.26"]
[Round "2.3"]
[White "Cruz Sanchez, C."]
[Black "Oratovsky, M."]
[Result "1-0"]
[WhiteElo "2547"]
[BlackElo "2543"]
[PlyCount "56"]
[EventDate "2013.??.??"]
[EventType "tourn"]
[EventRounds "11"]

1. Nf3 d6 2. g3 g6 3. Bg2 Bg7 4. O-O c5 5. d4 cxd4 6. Nxd4 Nf6 7. c4 O-O 8. Nc3
Nc6 9. Nxc6 bxc6 10. Bxc6 Rb8 11. Bg2 Qa5 12. Nb5 Bd7 13. Bd2 Qd8 14. Bc3 Bxb5
15. cxb5 Rxb5 16. Rc1 d5 17. Qd3 Qb8 18. Be5 Qb6 19. b3 e6 20. Bd4 Qb7 21. Rc2
Nd7 22. Bxg7 Kxg7 23. Rfc1 Qb6 24. Rc7 Ne5 25. Qd2 a6 26. Qf4 d4 27. Rb7 Qd6
28. Rc6 Qb4 1-0

[Event "Ct. Catalunya eq DH"]
[Site "?"]
[Date "2013.01.26"]
[Round "2.3"]
[White "Dominguez Pons, E."]
[Black "Granados Gomez, M."]
[Result "1/2-1/2"]
[WhiteElo "2371"]
[BlackElo "2430"]
[PlyCount "75"]
[EventDate "2013.??.??"]
[EventType "tourn"]
[EventRounds "11"]

1. d4 d5 2. c4 c6 3. Nc3 dxc4 4. e4 b5 5. a4 e5 6. Nf3 exd4 7. Qxd4 Qxd4 8.
Nxd4 b4 9. Nd1 Ba6 10. Ne3 Nf6 11. f3 Bc5 12. Ndc2 b3 13. Na3 c3 14. Nec4 c2
15. Nd2 Bb4 16. Nac4 O-O 17. Kf2 Rd8 18. Nxb3 Rd1 19. Ncd2 Nbd7 20. Rg1 Bc5+
21. Nxc5 Nxc5 22. Bxa6 Nxa6 23. Rf1 Nh5 24. g3 f5 25. Ke2 Rxf1 26. Kxf1 Nc5 27.
Ra3 Rd8 28. Ke2 fxe4 29. fxe4 Nf6 30. Rc3 Ne6 31. Nf3 Nxe4 32. Rxc2 N4c5 33.
Be3 Nxa4 34. Rxc6 Re8 35. b4 Nb6 36. Kf2 Nd5 37. Bxa7 Nxb4 38. Rc3 1/2-1/2

[Event "Ct. Catalunya eq DH"]
[Site "?"]
[Date "2013.01.26"]
[Round "2.3"]
[White "Lillo Castany, V."]
[Black "Lopez Martinez, JM."]
[Result "0-1"]
[WhiteElo "2359"]
[BlackElo "2538"]
[PlyCount "90"]
[EventDate "2013.??.??"]
[EventType "tourn"]
[EventRounds "11"]

1. e4 c6 2. Nc3 d5 3. Nf3 Bg4 4. h3 Bxf3 5. Qxf3 Nf6 6. d3 e6 7. Bd2 Nbd7 8. g4
h6 9. Qg3 Bb4 10. Bg2 Qb6 11. O-O dxe4 12. Be3 Qd8 13. Nxe4 Nxe4 14. dxe4 e5
15. f4 Qe7 16. fxe5 Bc5 17. e6 Bxe3+ 18. Qxe3 Qxe6 19. e5 Nxe5 20. Rae1 f6 21.
Be4 O-O 22. c3 Qxa2 23. Bb1 Qd5 24. Rd1 Qe6 25. Qe4 g6 26. Rde1 Rae8 27. Rf4
Kg7 28. Ref1 Rd8 29. Qe3 b6 30. h4 Qd6 31. h5 Qd2 32. Qe4 Qd5 33. hxg6 Qxe4 34.
Rxe4 Rfe8 35. Ra4 Re7 36. Bf5 Nxg6 37. Rfa1 a5 38. b4 axb4 39. cxb4 Nh4 40. Ra6
Rd2 41. Ra7 Nxf5 42. gxf5 Kf7 43. R1a6 Rd5 44. Rxe7+ Kxe7 45. Rxb6 Kd6 0-1

[Event "Ct. Catalunya eq DH"]
[Site "?"]
[Date "2013.01.26"]
[Round "2.3"]
[White "Willemze, T."]
[Black "Raineri de Luca, P."]
[Result "1-0"]
[WhiteElo "2396"]
[BlackElo "2377"]
[PlyCount "59"]
[EventDate "2013.??.??"]
[EventType "tourn"]
[EventRounds "11"]

1. e4 c6 2. c4 e5 3. Nf3 d6 4. d4 Nd7 5. Nc3 Ngf6 6. Be2 g6 7. O-O Bg7 8. dxe5
dxe5 9. Qd6 Qe7 10. Qxe7+ Kxe7 11. b3 b6 12. Ba3+ c5 13. b4 Bb7 14. Nd2 Bh6 15.
Nb3 Rhc8 16. bxc5 Nxc5 17. Nxc5 bxc5 18. Rab1 Rab8 19. Rb5 Bxe4 20. Bxc5+ Ke6
21. Ra5 Rb2 22. Bg4+ Nxg4 23. Nxe4 Rc6 24. Rxa7 Nf6 25. Re7+ Kf5 26. Ng3+ Kg4
27. f3+ Kh4 28. Bf2 Bf4 29. Rxf7 Kg5 30. a4 1-0

[Event "Ct. Catalunya eq DH"]
[Site "?"]
[Date "2013.01.26"]
[Round "2.4"]
[White "Escandell Mari, JC."]
[Black "Bergez, L."]
[Result "1/2-1/2"]
[WhiteElo "2368"]
[BlackElo "2418"]
[PlyCount "111"]
[EventDate "2013.??.??"]
[EventType "tourn"]
[EventRounds "11"]

1. e4 d5 2. exd5 Nf6 3. d4 Nxd5 4. Nf3 Bg4 5. Be2 e6 6. O-O Be7 7. h3 Bh5 8.
Ne5 Bxe2 9. Qxe2 O-O 10. c4 Nf6 11. Rd1 c5 12. dxc5 Qc8 13. Nd2 Rd8 14. Ndf3
Rxd1+ 15. Qxd1 Nbd7 16. Be3 Nxe5 17. Nxe5 Bxc5 18. Qf3 Bd6 19. Bd4 Qc7 20. Re1
Bb4 21. Rd1 Rd8 22. a3 Bf8 23. Qe2 Nd7 24. Bc3 Nb6 25. Rxd8 Qxd8 26. b4 Qg5 27.
Qc2 h6 28. Nf3 Qf4 29. Bd4 Qc7 30. c5 Nd7 31. Qe4 Be7 32. Ne5 Nxe5 33. Qxe5
Qxe5 34. Bxe5 f6 35. Bb8 a6 36. Kf1 Kf7 37. Ke2 Ke8 38. Kd3 Kd7 39. Kc4 Kc6 40.
a4 b5+ 41. cxb6 Kxb6 42. Bf4 h5 43. Be3+ Kc6 44. b5+ axb5+ 45. axb5+ Kb7 46.
Bc5 Bd8 47. g4 hxg4 48. hxg4 g5 49. f3 Bc7 50. Be7 Be5 51. Kc5 Kc7 52. b6+ Kb7
53. Bd8 Kc8 54. Be7 Kb7 55. Bd8 Kc8 56. Be7 1/2-1/2

[Event "Ct. Catalunya eq DH"]
[Site "?"]
[Date "2013.01.26"]
[Round "2.4"]
[White "Panelo Muñoz, MA."]
[Black "Crespo Revilla, JM."]
[Result "1-0"]
[WhiteElo "2468"]
[BlackElo "2241"]
[PlyCount "35"]
[EventDate "2013.??.??"]
[EventType "tourn"]
[EventRounds "11"]

1. d4 d5 2. c4 c6 3. Nf3 Nf6 4. Nc3 Bf5 5. Qb3 Qb6 6. c5 Qxb3 7. axb3 Na6 8. e4
dxe4 9. Bxa6 bxa6 10. Ne5 Nd7 11. Nxc6 e5 12. b4 exd4 13. Nxd4 Bg6 14. Nd5
O-O-O 15. Nc6 Nxc5 16. Nxd8 Nd3+ 17. Ke2 Nxb4 18. Nxb4 1-0

[Event "Ct. Catalunya eq DH"]
[Site "?"]
[Date "2013.01.26"]
[Round "2.4"]
[White "Ryan, J."]
[Black "Obon Temprano, S."]
[Result "1/2-1/2"]
[WhiteElo "2363"]
[BlackElo "2362"]
[PlyCount "97"]
[EventDate "2013.??.??"]
[EventType "tourn"]
[EventRounds "11"]

1. d4 d5 2. Nf3 Nf6 3. c4 c6 4. e3 Bf5 5. Nc3 e6 6. Nh4 Bg6 7. Nxg6 hxg6 8. a3
Qc7 9. h3 Nbd7 10. Be2 Nh5 11. Bd2 f5 12. Rc1 Nhf6 13. b4 Ne4 14. Qb3 Nxc3 15.
Bxc3 a6 16. a4 Nf6 17. Bd3 Qd7 18. f4 Bd6 19. O-O Qe7 20. c5 Bc7 21. Be1 Nh5
22. h4 Nf6 23. Be2 Kf7 24. Bf3 Qd7 25. g3 Rhb8 26. Rf2 b6 27. cxb6 Rxb6 28. a5
Rb5 29. Be2 Rb7 30. Qc2 Ne4 31. Qxc6 Qxc6 32. Rxc6 Nxf2 33. Kxf2 Rba7 34. g4
Bd8 35. g5 Be7 36. b5 axb5 37. Bxb5 Rb8 38. Be2 Bb4 39. a6 Ke7 40. Bxb4+ Rxb4
41. Kf3 Kd7 42. Rc5 Rb6 43. Ra5 Kc7 44. Bb5 Rb8 45. Bd3 Rb6 46. Bb5 Rb8 47. Be2
Rb6 48. Bb5 Rb8 49. Be2 1/2-1/2

[Event "Ct. Catalunya eq DH"]
[Site "?"]
[Date "2013.01.26"]
[Round "2.5"]
[White "Asis Gargatagli, H."]
[Black "Jose Queralto, D."]
[Result "1-0"]
[WhiteElo "2513"]
[BlackElo "2287"]
[PlyCount "61"]
[EventDate "2013.??.??"]
[EventType "tourn"]
[EventRounds "11"]

1. e4 e5 2. f4 d5 3. exd5 exf4 4. Nf3 Nf6 5. Bc4 c6 6. Nc3 b5 7. Bb3 b4 8. Ne2
Nxd5 9. O-O g5 10. Qe1 Be7 11. Nxg5 Bxg5 12. Nxf4+ Be7 13. Qe5 O-O 14. Nh5 f6
15. Qg3+ Kf7 16. Qg7+ Ke8 17. Re1 Bf5 18. d4 Bg6 19. Bxd5 Bxh5 20. Bg8 Qxd4+
21. Kh1 Bf7 22. Bxf7+ Rxf7 23. Qg8+ Rf8 24. Qxh7 Rf7 25. Qg8+ Rf8 26. Qg6+ Kd8
27. Bh6 Qc5 28. Bxf8 Bxf8 29. Qf7 Be7 30. Rad1+ Nd7 31. Qe6 1-0

[Event "Ct. Catalunya eq DH"]
[Site "?"]
[Date "2013.01.26"]
[Round "2.5"]
[White "Castelltort Fernandez, A."]
[Black "Garrido Fernandez, D."]
[Result "1/2-1/2"]
[WhiteElo "2348"]
[BlackElo "2370"]
[PlyCount "91"]
[EventDate "2013.??.??"]
[EventType "tourn"]
[EventRounds "11"]

1. e4 c5 2. Nc3 Nc6 3. g3 g6 4. Bg2 Bg7 5. d3 d6 6. Be3 e5 7. Qd2 Be6 8. f4 b6
9. Nf3 h6 10. O-O Nge7 11. Rae1 Qd7 12. Nh4 Rc8 13. Qf2 Nd4 14. Nd1 f5 15. c3
Ndc6 16. b3 O-O 17. Qd2 Kh7 18. c4 Nd4 19. Nc3 Rf7 20. Nd5 Rcf8 21. Bxd4 cxd4
22. Nxe7 Qxe7 23. exf5 Bxf5 24. Nxf5 gxf5 25. Bd5 Rf6 26. Qe2 Rg6 27. Qh5 Qf6
28. fxe5 dxe5 29. Be4 Rg5 30. Rxf5 Rxf5 31. Rf1 Qg5 32. Qxg5 hxg5 33. g4 Bf6
34. gxf5 Kg7 35. Kg2 Kf7 36. Rf3 Rh8 37. Rh3 Rxh3 38. Kxh3 Be7 39. Kg4 Kf6 40.
Bd5 Bb4 41. h3 Bc5 42. Bb7 a5 43. Bd5 Bb4 44. Bb7 Bc5 45. Bd5 Bb4 46. Bb7
1/2-1/2

[Event "Ct. Catalunya eq DH"]
[Site "?"]
[Date "2013.01.26"]
[Round "2.5"]
[White "Escobar Torres, A."]
[Black "Jose Abril, R."]
[Result "1/2-1/2"]
[WhiteElo "2230"]
[BlackElo "2397"]
[PlyCount "111"]
[EventDate "2013.??.??"]
[EventType "tourn"]
[EventRounds "11"]

1. d4 Nf6 2. Nf3 g6 3. Bf4 Bg7 4. h3 O-O 5. e3 c5 6. c3 d6 7. dxc5 dxc5 8. Qxd8
Rxd8 9. Bc4 Nc6 10. Nbd2 Nd5 11. Bh2 b6 12. O-O Bb7 13. Rfe1 Na5 14. Be2 Nf6
15. Be5 Nc6 16. Bh2 Bh6 17. a3 Nd5 18. Bf1 Rac8 19. Rad1 Kf8 20. c4 Nc7 21. Nb1
Bg7 22. Rxd8+ Nxd8 23. Be5 f6 24. Bc3 e5 25. Rd1 Ke7 26. Be2 Nde6 27. Kf1 Ne8
28. b3 Nd6 29. Bb2 Ne4 30. Nc3 Nxc3 31. Bxc3 g5 32. Nd2 Rd8 33. Nf3 Rh8 34. Kg1
h5 35. Nd2 e4 36. Nb1 f5 37. Bxg7 Nxg7 38. Nc3 Ne8 39. f3 Nf6 40. fxe4 fxe4 41.
Kh2 Bc6 42. b4 Rd8 43. Rxd8 Kxd8 44. h4 gxh4 45. Kh3 cxb4 46. axb4 a5 47. bxa5
bxa5 48. Kxh4 a4 49. Kg5 Ke7 50. Bxh5 Nxh5 51. Kxh5 a3 52. g4 Be8+ 53. Kg5 Bf7
54. Kf4 Bxc4 55. Kxe4 Kf6 56. Kd4 1/2-1/2

[Event "Ct. Catalunya eq DH"]
[Site "?"]
[Date "2013.01.26"]
[Round "2.5"]
[White "Geske, J."]
[Black "Baños, OF."]
[Result "1-0"]
[WhiteElo "2390"]
[BlackElo "2314"]
[PlyCount "119"]
[EventDate "2013.??.??"]
[EventType "tourn"]
[EventRounds "11"]

1. Nf3 d5 2. d4 Nf6 3. c4 c6 4. e3 Bg4 5. Qb3 Qb6 6. Nc3 Bxf3 7. gxf3 e6 8. Bd2
Nbd7 9. Be2 Qxb3 10. axb3 a6 11. e4 Rc8 12. O-O Bb4 13. e5 Nh5 14. f4 g6 15. f5
Bxc3 16. bxc3 exf5 17. cxd5 cxd5 18. Ra5 Nb6 19. Bf3 Rd8 20. Bg5 f6 21. Bh4 Kf7
22. Re1 Rhe8 23. Bxh5 gxh5 24. Bxf6 Rc8 25. Re3 Ke6 26. Kf1 Rg8 27. h3 f4 28.
Rd3 Kf5 29. Rc5 Ke4 30. Rxc8 Rxc8 31. Ke2 Re8 32. f3+ Kf5 33. Rd1 Rg8 34. Kf2
Rc8 35. Rc1 Nd7 36. Be7 b5 37. Bb4 Rc6 38. Bd6 Nf6 39. exf6 Rxd6 40. f7 Rf6 41.
Re1 Rxf7 42. Re5+ Kf6 43. Rxd5 Rc7 44. Rc5 Ra7 45. Rxh5 Kg6 46. Re5 Kf6 47. h4
Ra8 48. Ke2 Rg8 49. Re4 Kf5 50. Re5+ Kf6 51. Kd3 Rc8 52. c4 bxc4+ 53. bxc4 Rb8
54. Ra5 Re8 55. Rxa6+ Kf7 56. d5 Re3+ 57. Kd4 Rxf3 58. Ke5 Kg7 59. d6 Kf7 60.
Ra7+ 1-0

[Event "Ct. Catalunya eq DH"]
[Site "?"]
[Date "2013.01.26"]
[Round "2.5"]
[White "Pijuan Herranz, M."]
[Black "Perpinya Rofes, LM."]
[Result "1/2-1/2"]
[WhiteElo "2327"]
[BlackElo "2439"]
[PlyCount "34"]
[EventDate "2013.??.??"]
[EventType "tourn"]
[EventRounds "11"]

1. d4 Nf6 2. Nf3 g6 3. g3 Bg7 4. Bg2 d5 5. c4 dxc4 6. Qa4+ Nfd7 7. O-O Nc6 8.
Rd1 Nb6 9. Qb5 O-O 10. Nc3 Bg4 11. Bg5 Bxf3 12. Bxf3 Nxd4 13. Bxb7 Nxe2+ 14.
Kg2 Nd4 15. Qc5 Rb8 16. Ba6 Qd5+ 17. Ne4 Qe6 1/2-1/2

[Event "Ct. Catalunya eq DH"]
[Site "?"]
[Date "2013.01.26"]
[Round "2.6"]
[White "Borras Duran, P."]
[Black "Maroto Borras, JL."]
[Result "1-0"]
[WhiteElo "2325"]
[BlackElo "2226"]
[PlyCount "76"]
[EventDate "2013.??.??"]
[EventType "tourn"]
[EventRounds "11"]

1. d4 e6 2. Nf3 Nf6 3. Bf4 Be7 4. e3 Nh5 5. Bg3 Nc6 6. c3 d6 7. Nbd2 Bd7 8. b4
a6 9. a4 f5 10. Bc4 Bf6 11. Nb3 O-O 12. Ng5 Qe8 13. Nh3 g5 14. f4 h6 15. Ra2
Qg6 16. Be2 Ng7 17. fxg5 hxg5 18. O-O Ne7 19. c4 Rad8 20. b5 axb5 21. axb5 e5
22. Be1 g4 23. Nf2 Nh5 24. g3 Kg7 25. e4 Nxg3 26. hxg3 Rh8 27. Nh1 Qh6 28. Bf3
gxf3 29. Qxf3 exd4 30. Raf2 Rdg8 31. Bd2 Qh3 32. Qg2 Qxg2+ 33. Kxg2 Be5 34. Bf4
Ng6 35. Bxe5+ Nxe5 36. exf5 d3 37. Rf4 Kf6 38. Nf2 Rg4 1-0